Music Quiz

Random Music or Singers Quiz

Vocaloid Singers Quiz Stats

 Plays Quiz not verified by Sporcle

Challenge
Share
Tweet
Embed
Score 0/30 Timer 05:00
0 Plays Today
Song Singer % Correct
????
99.5%
????
43.4%
????
41.9%
????
41.3%
????
41.1%
????
39%
????
37.2%
????
35.9%
????
35.1%
????
34.6%
????
34.1%
????
32.6%
????
31.8%
????
31.5%
????
27.4%
Song Singer % Correct
????
16.5%
????
16%
????
15.8%
????
13.4%
????
13.4%
????
12.7%
????
12.1%
????
11.9%
????
10.6%
????
10.1%
????
8.5%
????
8.5%
????
8.3%
????
8.3%
????
8.3%

You're not logged in!

Compare scores with friends on all Sporcle quizzes.
OR
Log In

You Might Also Like...

Show Comments

Extras

Top Quizzes Today


Score Distribution

Your Account Isn't Verified!

In order to create a playlist on Sporcle, you need to verify the email address you used during registration. Go to your Sporcle Settings to finish the process.

Report this User

Report this user for behavior that violates our Community Guidelines.

Details: